000
00309nam a2200133Ia 4500
008
190723s9999 xx 000 0 und d
020
_a
978-93-325-7577-6
100
_a
Tanenbaum
245
0
_a
Modern Operating Systems
250
_a
4th
260
_a
India
_b
Pearson
_c
2018
300
_a
1101
942
_c
BK
999
_c
1431
_d
1431